|
|
|
|
| LEADER |
00000cam a22000004a 4500 |
| 001 |
musev2_33396 |
| 003 |
MdBmJHUP |
| 005 |
20230905043523.0 |
| 006 |
m o d |
| 007 |
cr||||||||nn|n |
| 008 |
140728s2014 wiu o 00 0 eng d |
| 020 |
|
|
|a 9780299302337
|
| 020 |
|
|
|z 9780299302306
|
| 035 |
|
|
|a (OCoLC)884725813
|
| 040 |
|
|
|a MdBmJHUP
|c MdBmJHUP
|
| 100 |
1 |
|
|a Raphael, Lev,
|e author.
|
| 245 |
1 |
0 |
|a Assault with a Deadly Lie :
|b A Nick Hoffman Novel of Suspense /
|c Lev Raphael.
|
| 264 |
|
1 |
|a Madison, Wisconsin :
|b Terrace Books, a trade imprint of the University of Wisconsin Press,
|c [2014]
|
| 264 |
|
3 |
|a Baltimore, Md. :
|b Project MUSE,
|c 2014
|
| 264 |
|
4 |
|c ©[2014]
|
| 300 |
|
|
|a 1 online resource (189 pages).
|
| 336 |
|
|
|a text
|b txt
|2 rdacontent
|
| 337 |
|
|
|a computer
|b c
|2 rdamedia
|
| 338 |
|
|
|a online resource
|b cr
|2 rdacarrier
|
| 505 |
0 |
|
|a Chapter 1; Chapter 2; Chapter 3; Chapter 4; Chapter 5; Chapter 6; Chapter 7; Chapter 8; Chapter 9; Chapter 10; Chapter 11; Chapter 12; Chapter 13; Chapter 14; Chapter 15; Chapter 16; Chapter 17; Chapter 18; Chapter 19; Chapter 20; Epilogue; Author's Note.
|
| 588 |
|
|
|a Description based on print version record.
|
| 600 |
1 |
7 |
|a Hoffman, Nick
|c (Fictitious character)
|2 fast
|0 (OCoLC)fst00958616
|
| 600 |
1 |
0 |
|a Hoffman, Nick
|c (Fictitious character)
|v Fiction.
|
| 650 |
|
7 |
|a Stalking.
|2 fast
|0 (OCoLC)fst01131392
|
| 650 |
|
7 |
|a Gay men.
|2 fast
|0 (OCoLC)fst00939117
|
| 650 |
|
7 |
|a English teachers.
|2 fast
|0 (OCoLC)fst00912393
|
| 650 |
|
7 |
|a College teachers.
|2 fast
|0 (OCoLC)fst00868114
|
| 650 |
|
7 |
|a FICTION
|x General.
|2 bisacsh
|
| 650 |
|
6 |
|a Homosexuels masculins
|v Romans, nouvelles, etc.
|
| 650 |
|
6 |
|a Professeurs d'anglais
|v Romans, nouvelles, etc.
|
| 650 |
|
6 |
|a Harcelement criminel
|v Romans, nouvelles, etc.
|
| 650 |
|
0 |
|a Gay men
|v Fiction.
|
| 650 |
|
0 |
|a English teachers
|v Fiction.
|
| 650 |
|
0 |
|a College teachers
|v Fiction.
|
| 650 |
|
0 |
|a Stalking
|v Fiction.
|
| 651 |
|
7 |
|a Michigan.
|2 fast
|0 (OCoLC)fst01208387
|
| 651 |
|
6 |
|a Michigan
|v Romans, nouvelles, etc.
|
| 651 |
|
0 |
|a Michigan
|v Fiction.
|
| 655 |
|
7 |
|a Romans.
|2 rvmgf
|
| 655 |
|
7 |
|a Romans homosexuels.
|2 rvmgf
|
| 655 |
|
7 |
|a Novels.
|2 lcgft
|
| 655 |
|
7 |
|a Gay fiction.
|2 lcgft
|
| 655 |
|
7 |
|a Campus fiction.
|2 lcgft
|
| 655 |
|
7 |
|a Thrillers (Fiction)
|2 lcgft
|
| 655 |
|
7 |
|a Detective and mystery fiction.
|2 lcgft
|
| 655 |
|
7 |
|a Fiction.
|2 fast
|0 (OCoLC)fst01423787
|
| 655 |
|
7 |
|a Campus fiction.
|2 fast
|0 (OCoLC)fst01982500
|
| 655 |
|
7 |
|a Detective and mystery fiction.
|2 fast
|0 (OCoLC)fst01726581
|
| 655 |
|
7 |
|a Gay fiction.
|2 fast
|0 (OCoLC)fst01986220
|
| 655 |
|
7 |
|a Novels.
|2 fast
|0 (OCoLC)fst01921742
|
| 655 |
|
7 |
|a Thrillers (Fiction)
|2 fast
|0 (OCoLC)fst01726755
|
| 655 |
|
2 |
|a Fictional Work
|
| 655 |
|
7 |
|a Electronic books.
|2 local
|
| 710 |
2 |
|
|a Project Muse.
|e distributor
|
| 830 |
|
0 |
|a Book collections on Project MUSE.
|
| 856 |
4 |
0 |
|z Texto completo
|u https://projectmuse.uam.elogim.com/book/33396/
|
| 945 |
|
|
|a Project MUSE - Custom Collection
|
| 945 |
|
|
|a Project MUSE - 2014 Complete
|
| 945 |
|
|
|a Project MUSE - 2014 Poetry, Fiction and Creative Non-Fiction
|